000
00268nam a22001097a 4500
008
170120b xxu||||| |||| 00| 0 eng d
020
_a
0578010217
041
_a
eng
080
_a
618.2
245
_a
DOMESTIC: IOLENCE: A NURSING CONCERN
_c
ALEXANDER, G.R
942
_2
udc
_c
BK
999
_c
3237
_d
3237